[Event "DEM U10w 2024"]
[Site "Willingen GER"]
[Date "2024.05.20"]
[Round "3"]
[White "Hleizer, Ahata"]
[Black "Subocz, Emma"]
[Result "1-0"]
[Termination "normal"]
[Board "11"]
[WhiteElo "1610"]
[BlackElo "1028"]
[WhiteClock "00:45:51"]
[BlackClock "01:04:38"]
[PlyCount "61"]
[WhiteFideId "34643370"]
[BlackFideId "41805666"]
[EventCountry "GER"]
[EventRounds "11"]
[EventType "swiss"]
[EventDate "2024.05.18"]

1. e4 {[%clk 01:15:57]} {[%emt 00:00:02]} c5 {[%clk 01:15:59]} {[%emt
00:00:03]} 2. Nf3 {[%clk 01:16:11]} {[%emt 00:00:15]} d6 {[%clk 01:16:22]}
{[%emt 00:00:08]} 3. Bb5+ {[%clk 01:16:26]} {[%emt 00:00:14]} Bd7 {[%clk
01:16:45]} {[%emt 00:00:07]} 4. Bxd7+ {[%clk 01:16:40]} {[%emt 00:00:16]} Qxd7
{[%clk 01:17:08]} {[%emt 00:00:08]} 5. O-O {[%clk 01:16:49]} {[%emt 00:00:19]}
Nc6 {[%clk 01:17:26]} {[%emt 00:00:14]} 6. c3 {[%clk 01:16:42]} {[%emt
00:00:36]} Nf6 {[%clk 01:17:45]} {[%emt 00:00:12]} 7. Re1 {[%clk 01:16:35]}
{[%emt 00:00:35]} g6 {[%clk 01:17:51]} {[%emt 00:00:25]} 8. d4 {[%clk
01:16:16]} {[%emt 00:00:48]} cxd4 {[%clk 01:18:15]} {[%emt 00:00:07]} 9. cxd4
{[%clk 01:16:26]} {[%emt 00:00:20]} Bg7 {[%clk 01:18:28]} {[%emt 00:00:18]} 10.
Nc3 {[%clk 01:14:58]} {[%emt 00:01:55]} O-O {[%clk 01:18:44]} {[%emt 00:00:16]}
11. d5 {[%clk 01:13:45]} {[%emt 00:01:42]} Nb4 {[%clk 01:16:39]} {[%emt
00:02:37]} 12. a3 {[%clk 01:12:44]} {[%emt 00:01:31]} Na6 {[%clk 01:17:01]}
{[%emt 00:00:08]} 13. Be3 {[%clk 01:05:38]} {[%emt 00:07:33]} b6 {[%clk
01:15:01]} {[%emt 00:02:32]} 14. Rc1 {[%clk 01:01:36]} {[%emt 00:04:32]} Nc5
{[%clk 01:15:04]} {[%emt 00:00:27]} 15. Bxc5 {[%clk 01:00:00]} {[%emt
00:02:06]} dxc5 {[%clk 01:15:00]} {[%emt 00:00:34]} 16. e5 {[%clk 00:58:06]}
{[%emt 00:02:23]} Ne8 {[%clk 01:11:28]} {[%emt 00:04:02]} 17. e6 {[%clk
00:54:26]} {[%emt 00:04:10]} fxe6 {[%clk 01:11:19]} {[%emt 00:00:41]} 18. dxe6
{[%clk 00:53:34]} {[%emt 00:01:21]} Qc6 {[%clk 01:10:23]} {[%emt 00:01:26]} 19.
Qd7 {[%clk 00:51:44]} {[%emt 00:02:19]} Qc7 {[%clk 01:08:25]} {[%emt 00:02:29]}
20. Nd5 {[%clk 00:49:53]} {[%emt 00:02:21]} Qxd7 {[%clk 01:08:01]} {[%emt
00:00:54]} 21. exd7 {[%clk 00:50:10]} {[%emt 00:00:13]} Nd6 {[%clk 01:07:59]}
{[%emt 00:00:32]} 22. Nxe7+ {[%clk 00:49:26]} {[%emt 00:01:12]} Kh8 {[%clk
01:08:25]} {[%emt 00:00:07]} 23. Rcd1 {[%clk 00:48:12]} {[%emt 00:01:43]} Nb7
{[%clk 01:07:58]} {[%emt 00:00:57]} 24. Nc6 {[%clk 00:47:06]} {[%emt 00:01:35]}
Bxb2 {[%clk 01:07:54]} {[%emt 00:00:35]} 25. Re2 {[%clk 00:46:28]} {[%emt
00:01:07]} Bxa3 {[%clk 01:07:53]} {[%emt 00:00:32]} 26. Ra1 {[%clk 00:45:55]}
{[%emt 00:01:02]} Bb4 {[%clk 01:06:29]} {[%emt 00:01:55]} 27. Rxa7 {[%clk
00:46:07]} {[%emt 00:00:18]} Rxa7 {[%clk 01:06:51]} {[%emt 00:00:09]} 28. Nxa7
{[%clk 00:46:18]} {[%emt 00:00:16]} Rd8 {[%clk 01:05:41]} {[%emt 00:01:42]} 29.
Re8+ {[%clk 00:46:39]} {[%emt 00:00:09]} Kg7 {[%clk 01:06:00]} {[%emt
00:00:11]} 30. Ne5 {[%clk 00:45:33]} {[%emt 00:01:35]} Nd6 {[%clk 01:04:38]}
{[%emt 00:01:53]} 31. Rxd8 {[%clk 00:45:51]} {[%emt 00:00:11]} 1-0

[Event "DEM U10w 2024"]
[Site "Willingen GER"]
[Date "2024.05.20"]
[Round "3"]
[White "Mudriievskaya, Esther"]
[Black "Sniegowski, Amalia"]
[Result "0-1"]
[Termination "normal"]
[Board "13"]
[WhiteElo "1495"]
[BlackElo "998"]
[WhiteClock "00:55:03"]
[BlackClock "00:36:41"]
[PlyCount "66"]
[WhiteFideId "34676465"]
[BlackFideId "34675620"]
[EventCountry "GER"]
[EventRounds "11"]
[EventType "swiss"]
[EventDate "2024.05.18"]

1. e4 {[%clk 01:15:30]} c5 {[%clk 01:15:53]} {[%emt 00:00:13]} 2. Nc3 {[%clk
01:15:51]} {[%emt 00:00:09]} Nc6 {[%clk 01:16:13]} {[%emt 00:00:11]} 3. f4
{[%clk 01:16:09]} {[%emt 00:00:11]} e6 {[%clk 01:15:33]} {[%emt 00:01:11]} 4.
Bb5 {[%clk 01:16:18]} {[%emt 00:00:21]} a6 {[%clk 01:13:52]} {[%emt 00:02:11]}
5. Bxc6 {[%clk 01:15:39]} {[%emt 00:01:08]} bxc6 {[%clk 01:14:00]} {[%emt
00:00:23]} 6. Nf3 {[%clk 01:15:32]} {[%emt 00:00:36]} f5 {[%clk 01:13:33]}
{[%emt 00:00:57]} 7. Ne5 {[%clk 01:14:41]} {[%emt 00:01:21]} Nf6 {[%clk
01:10:03]} {[%emt 00:04:00]} 8. exf5 {[%clk 01:12:27]} {[%emt 00:02:44]} exf5
{[%clk 01:09:43]} {[%emt 00:00:50]} 9. Qe2 {[%clk 01:12:12]} {[%emt 00:00:38]}
Be7 {[%clk 01:09:06]} {[%emt 00:01:14]} 10. Qc4 {[%clk 01:11:02]} {[%emt
00:01:33]} d5 {[%clk 01:07:32]} {[%emt 00:02:11]} 11. Qa4 {[%clk 01:10:33]}
{[%emt 00:00:53]} Bd7 {[%clk 01:05:22]} {[%emt 00:02:46]} 12. Nxc6 {[%clk
01:10:00]} {[%emt 00:01:01]} Qc7 {[%clk 01:03:55]} {[%emt 00:02:00]} 13. d4
{[%clk 01:03:06]} {[%emt 00:07:24]} Bxc6 {[%clk 01:03:28]} {[%emt 00:00:57]}
14. Nb5 {[%clk 01:00:05]} {[%emt 00:03:30]} Bxb5 {[%clk 00:59:45]} {[%emt
00:04:14]} 15. Qb3 {[%clk 01:00:03]} {[%emt 00:00:27]} Qa5+ {[%clk 00:54:20]}
{[%emt 00:05:59]} 16. Kd1 {[%clk 00:59:50]} {[%emt 00:00:42]} O-O {[%clk
00:51:18]} {[%emt 00:03:33]} 17. Qg3 {[%clk 00:59:17]} {[%emt 00:00:43]} Rf7
{[%clk 00:45:04]} {[%emt 00:07:04]} 18. Qf3 {[%clk 00:58:48]} {[%emt 00:00:54]}
Re8 {[%clk 00:44:42]} {[%emt 00:00:57]} 19. Qg3 {[%clk 00:58:34]} {[%emt
00:00:43]} Bd6 {[%clk 00:43:49]} {[%emt 00:01:24]} 20. Qh4 {[%clk 00:57:52]}
{[%emt 00:01:10]} Rfe7 {[%clk 00:43:26]} {[%emt 00:00:56]} 21. Bd2 {[%clk
00:57:33]} {[%emt 00:00:48]} Qb6 {[%clk 00:41:41]} {[%emt 00:02:12]} 22. h3
{[%clk 00:56:52]} {[%emt 00:01:12]} Re2 {[%clk 00:39:30]} {[%emt 00:02:43]} 23.
Kc1 {[%clk 00:55:35]} {[%emt 00:01:41]} Rxg2 {[%clk 00:39:25]} {[%emt
00:00:41]} 24. Rd1 {[%clk 00:55:47]} {[%emt 00:00:18]} Ree2 {[%clk 00:39:13]}
{[%emt 00:00:43]} 25. a3 {[%clk 00:55:48]} {[%emt 00:00:28]} cxd4 {[%clk
00:38:59]} {[%emt 00:00:44]} 26. a4 {[%clk 00:55:03]} {[%emt 00:01:15]} Bd7
{[%clk 00:38:08]} {[%emt 00:01:22]} 27. Ra2 {[%clk 00:55:08]} {[%emt 00:00:22]}
Ne4 {[%clk 00:37:44]} {[%emt 00:00:57]} 28. b3 {[%clk 00:54:51]} {[%emt
00:00:46]} Nxd2 {[%clk 00:37:41]} {[%emt 00:00:33]} 29. Kb2 {[%clk 00:54:49]}
{[%emt 00:00:28]} Nc4+ {[%clk 00:37:18]} {[%emt 00:00:57]} 30. Kb1 {[%clk
00:54:58]} {[%emt 00:00:21]} d3 {[%clk 00:36:24]} {[%emt 00:01:24]} 31. cxd3
{[%clk 00:54:45]} {[%emt 00:00:43]} Rxa2 {[%clk 00:36:24]} {[%emt 00:00:30]}
32. dxc4 {[%clk 00:54:54]} {[%emt 00:00:19]} Qxb3+ {[%clk 00:36:26]} {[%emt
00:00:29]} 33. Kc1 {[%clk 00:55:03]} {[%emt 00:00:22]} Rgc2# {[%clk 00:36:41]}
{[%emt 00:00:14]} 0-1

[Event "DEM U10w 2024"]
[Site "Willingen GER"]
[Date "2024.05.20"]
[Round "3"]
[White "Goyush, Shams"]
[Black "Rabus, Luise"]
[Result "1-0"]
[Termination "normal"]
[Board "14"]
[WhiteElo "996"]
[BlackElo "1090"]
[WhiteClock "01:07:40"]
[BlackClock "01:00:34"]
[PlyCount "35"]
[BlackFideId "34636900"]
[EventCountry "GER"]
[EventRounds "11"]
[EventType "swiss"]
[EventDate "2024.05.18"]

1. e4 {[%clk 01:15:57]} {[%emt 00:00:02]} c6 {[%clk 01:15:54]} {[%emt
00:00:06]} 2. c4 {[%clk 01:16:22]} {[%emt 00:00:06]} d5 {[%clk 01:16:14]}
{[%emt 00:00:10]} 3. exd5 {[%clk 01:16:45]} {[%emt 00:00:07]} cxd5 {[%clk
01:16:33]} {[%emt 00:00:11]} 4. cxd5 {[%clk 01:17:09]} {[%emt 00:00:06]} Qxd5
{[%clk 01:16:47]} {[%emt 00:00:16]} 5. Nc3 {[%clk 01:17:29]} {[%emt 00:00:10]}
Qd8 {[%clk 01:16:57]} {[%emt 00:00:20]} 6. d4 {[%clk 01:17:48]} {[%emt
00:00:11]} Bf5 {[%clk 01:16:50]} {[%emt 00:00:37]} 7. Bc4 {[%clk 01:17:57]}
{[%emt 00:00:21]} e6 {[%clk 01:17:02]} {[%emt 00:00:18]} 8. Nf3 {[%clk
01:17:49]} {[%emt 00:00:37]} Nc6 {[%clk 01:17:06]} {[%emt 00:00:27]} 9. a3
{[%clk 01:16:16]} {[%emt 00:02:03]} g6 {[%clk 01:16:38]} {[%emt 00:00:58]} 10.
O-O {[%clk 01:14:09]} {[%emt 00:02:37]} Bg7 {[%clk 01:16:13]} {[%emt 00:00:55]}
11. Be3 {[%clk 01:13:52]} {[%emt 00:00:45]} e5 {[%clk 01:12:50]} {[%emt
00:03:55]} 12. dxe5 {[%clk 01:12:28]} {[%emt 00:01:54]} Nxe5 {[%clk 01:13:05]}
{[%emt 00:00:15]} 13. Qa4+ {[%clk 01:12:23]} {[%emt 00:00:34]} Bd7 {[%clk
01:12:02]} {[%emt 00:01:34]} 14. Qb4 {[%clk 01:09:39]} {[%emt 00:03:12]} Nxf3+
{[%clk 01:10:03]} {[%emt 00:02:31]} 15. gxf3 {[%clk 01:09:41]} {[%emt
00:00:27]} b6 {[%clk 01:07:58]} {[%emt 00:02:35]} 16. Rfe1 {[%clk 01:08:56]}
{[%emt 00:01:13]} Ne7 {[%clk 01:06:31]} {[%emt 00:02:00]} 17. Nd5 {[%clk
01:08:19]} {[%emt 00:01:03]} Bf8 {[%clk 01:00:34]} {[%emt 00:06:30]} 18. Nf6#
{[%clk 01:07:40]} {[%emt 00:00:39]} 1-0

[Event "DEM U10w 2024"]
[Site "Willingen GER"]
[Date "2024.05.20"]
[Round "3"]
[White "Lao, Theodora Siyuan"]
[Black "Böhm, Arwen Skadi"]
[Result "1-0"]
[Termination "normal"]
[Board "15"]
[WhiteElo "1087"]
[BlackElo "968"]
[WhiteClock "01:10:14"]
[BlackClock "01:10:52"]
[PlyCount "63"]
[WhiteFideId "34667547"]
[EventCountry "GER"]
[EventRounds "11"]
[EventType "swiss"]
[EventDate "2024.05.18"]

1. e4 {[%clk 01:15:59]} e5 {[%clk 01:15:51]} {[%emt 00:00:09]} 2. Nf3 {[%clk
01:16:22]} {[%emt 00:00:07]} Nc6 {[%clk 01:16:14]} {[%emt 00:00:03]} 3. Nc3
{[%clk 01:16:46]} {[%emt 00:00:10]} Nf6 {[%clk 01:16:34]} {[%emt 00:00:09]} 4.
Bc4 {[%clk 01:16:59]} {[%emt 00:00:19]} Bc5 {[%clk 01:16:56]} {[%emt 00:00:08]}
5. d3 {[%clk 01:16:53]} {[%emt 00:00:36]} d6 {[%clk 01:17:15]} {[%emt
00:00:10]} 6. O-O {[%clk 01:17:08]} {[%emt 00:00:16]} O-O {[%clk 01:17:33]}
{[%emt 00:00:11]} 7. h3 {[%clk 01:17:28]} {[%emt 00:00:11]} h6 {[%clk
01:17:44]} {[%emt 00:00:17]} 8. Be3 {[%clk 01:17:41]} {[%emt 00:00:18]} Bxe3
{[%clk 01:18:02]} {[%emt 00:00:11]} 9. fxe3 {[%clk 01:17:59]} {[%emt 00:00:13]}
Be6 {[%clk 01:18:09]} {[%emt 00:00:24]} 10. Bb3 {[%clk 01:18:10]} {[%emt
00:00:18]} Bxb3 {[%clk 01:18:29]} {[%emt 00:00:09]} 11. axb3 {[%clk 01:18:26]}
{[%emt 00:00:15]} Nb4 {[%clk 01:18:14]} {[%emt 00:00:44]} 12. Ra4 {[%clk
01:17:08]} {[%emt 00:01:48]} c5 {[%clk 01:18:28]} {[%emt 00:00:16]} 13. Nb5
{[%clk 01:16:25]} {[%emt 00:01:14]} Qb6 {[%clk 01:18:25]} {[%emt 00:00:32]} 14.
c4 {[%clk 01:16:18]} {[%emt 00:00:39]} a6 {[%clk 01:18:19]} {[%emt 00:00:35]}
15. Nc3 {[%clk 01:16:15]} {[%emt 00:00:33]} Qc6 {[%clk 01:17:35]} {[%emt
00:01:14]} 16. Qd2 {[%clk 01:15:08]} {[%emt 00:01:37]} b5 {[%clk 01:17:04]}
{[%emt 00:01:02]} 17. Raa1 {[%clk 01:14:45]} {[%emt 00:00:53]} bxc4 {[%clk
01:17:09]} {[%emt 00:00:25]} 18. bxc4 {[%clk 01:14:59]} {[%emt 00:00:15]} Rfc8
{[%clk 01:15:34]} {[%emt 00:02:05]} 19. Nd5 {[%clk 01:14:08]} {[%emt 00:01:21]}
Nfxd5 {[%clk 01:15:29]} {[%emt 00:00:35]} 20. exd5 {[%clk 01:14:10]} {[%emt
00:00:28]} Qb6 {[%clk 01:15:08]} {[%emt 00:00:50]} 21. d4 {[%clk 01:13:37]}
{[%emt 00:01:04]} e4 {[%clk 01:14:54]} {[%emt 00:00:44]} 22. Nh4 {[%clk
01:13:24]} {[%emt 00:00:42]} cxd4 {[%clk 01:13:34]} {[%emt 00:01:50]} 23. exd4
{[%clk 01:13:10]} {[%emt 00:00:45]} Rxc4 {[%clk 01:13:26]} {[%emt 00:00:38]}
24. Nf5 {[%clk 01:12:11]} {[%emt 00:01:28]} g6 {[%clk 01:12:49]} {[%emt
00:01:09]} 25. Nxh6+ {[%clk 01:11:33]} {[%emt 00:01:07]} Kg7 {[%clk 01:12:50]}
{[%emt 00:00:16]} 26. Rxf7+ {[%clk 01:11:29]} {[%emt 00:00:46]} Kh8 {[%clk
01:13:04]} {[%emt 00:00:05]} 27. Nf5 {[%clk 01:10:58]} {[%emt 00:01:12]} Kg8
{[%clk 01:12:13]} {[%emt 00:01:21]} 28. Rg7+ {[%clk 01:10:01]} {[%emt
00:01:26]} Kf8 {[%clk 01:12:08]} {[%emt 00:00:33]} 29. Qh6 {[%clk 01:09:45]}
{[%emt 00:00:48]} Rc1+ {[%clk 01:11:19]} {[%emt 00:01:20]} 30. Rxc1 {[%clk
01:09:48]} {[%emt 00:00:28]} Qxd4+ {[%clk 01:10:46]} {[%emt 00:01:03]} 31. Nxd4
{[%clk 01:10:05]} {[%emt 00:00:13]} Nd3 {[%clk 01:10:52]} {[%emt 00:00:24]} 32.
Qh8# {[%clk 01:10:14]} {[%emt 00:00:21]} 1-0

[Event "DEM U10w 2024"]
[Site "Willingen GER"]
[Date "2024.05.20"]
[Round "3"]
[White "Tadic, Lena"]
[Black "Pygoch, Lene"]
[Result "1-0"]
[Termination "normal"]
[Board "16"]
[WhiteElo "980"]
[BlackElo "917"]
[WhiteClock "01:09:45"]
[BlackClock "01:14:34"]
[PlyCount "45"]
[WhiteFideId "34687300"]
[BlackFideId "533016496"]
[EventCountry "GER"]
[EventRounds "11"]
[EventType "swiss"]
[EventDate "2024.05.18"]

1. e4 {[%clk 01:15:58]} {[%emt 00:00:02]} e5 {[%clk 01:15:53]} {[%emt
00:00:08]} 2. Nf3 {[%clk 01:16:22]} {[%emt 00:00:06]} Nc6 {[%clk 01:16:13]}
{[%emt 00:00:10]} 3. Nc3 {[%clk 01:16:43]} {[%emt 00:00:08]} Nf6 {[%clk
01:16:32]} {[%emt 00:00:11]} 4. d4 {[%clk 01:17:05]} {[%emt 00:00:09]} exd4
{[%clk 01:16:28]} {[%emt 00:00:33]} 5. Nxd4 {[%clk 01:17:27]} {[%emt 00:00:08]}
Bc5 {[%clk 01:16:44]} {[%emt 00:00:14]} 6. Be3 {[%clk 01:17:49]} {[%emt
00:00:08]} O-O {[%clk 01:17:03]} {[%emt 00:00:11]} 7. Nxc6 {[%clk 01:18:07]}
{[%emt 00:00:12]} bxc6 {[%clk 01:17:19]} {[%emt 00:00:14]} 8. Bxc5 {[%clk
01:18:30]} {[%emt 00:00:08]} d6 {[%clk 01:17:25]} {[%emt 00:00:23]} 9. Be3
{[%clk 01:18:09]} {[%emt 00:00:50]} Bg4 {[%clk 01:17:44]} {[%emt 00:00:12]} 10.
Be2 {[%clk 01:18:22]} {[%emt 00:00:18]} Qd7 {[%clk 01:15:51]} {[%emt 00:02:22]}
11. Bxg4 {[%clk 01:16:45]} {[%emt 00:02:08]} Nxg4 {[%clk 01:16:05]} {[%emt
00:00:15]} 12. h3 {[%clk 01:14:14]} {[%emt 00:03:02]} Ne5 {[%clk 01:16:22]}
{[%emt 00:00:10]} 13. Qd4 {[%clk 01:13:00]} {[%emt 00:01:47]} Rab8 {[%clk
01:15:53]} {[%emt 00:00:45]} 14. b3 {[%clk 01:12:23]} {[%emt 00:01:21]} c5
{[%clk 01:15:28]} {[%emt 00:00:55]} 15. Qa4 {[%clk 01:11:29]} {[%emt 00:01:23]}
Qxa4 {[%clk 01:14:28]} {[%emt 00:01:30]} 16. Nxa4 {[%clk 01:11:41]} {[%emt
00:00:19]} Rb4 {[%clk 01:14:30]} {[%emt 00:00:27]} 17. Nc3 {[%clk 01:11:03]}
{[%emt 00:01:07]} c4 {[%clk 01:14:26]} {[%emt 00:00:34]} 18. Bxa7 {[%clk
01:10:15]} {[%emt 00:01:19]} cxb3 {[%clk 01:14:19]} {[%emt 00:00:36]} 19. axb3
{[%clk 01:10:25]} {[%emt 00:00:21]} c5 {[%clk 01:14:14]} {[%emt 00:00:34]} 20.
O-O {[%clk 01:10:24]} {[%emt 00:00:32]} Rb7 {[%clk 01:14:26]} {[%emt 00:00:18]}
21. Rfd1 {[%clk 01:10:06]} {[%emt 00:00:48]} Ra8 {[%clk 01:14:30]} {[%emt
00:00:27]} 22. Rxd6 {[%clk 01:10:02]} {[%emt 00:00:34]} Raxa7 {[%clk 01:14:34]}
{[%emt 00:00:25]} 23. Rd8# {[%clk 01:09:45]} {[%emt 00:00:15]} 1-0

[Event "DEM U10w 2024"]
[Site "Willingen GER"]
[Date "2024.05.20"]
[Round "3"]
[White "Sriram, Yashasri"]
[Black "Seyedfakhari, Elena"]
[Result "0-1"]
[Termination "normal"]
[Board "17"]
[WhiteElo "1576"]
[BlackElo "1060"]
[WhiteClock "00:35:47"]
[BlackClock "01:07:39"]
[PlyCount "64"]
[WhiteFideId "34656243"]
[BlackFideId "34639888"]
[EventCountry "GER"]
[EventRounds "11"]
[EventType "swiss"]
[EventDate "2024.05.18"]

1. e4 {[%clk 01:15:00]} {[%emt 00:00:59]} e5 {[%clk 01:15:54]} {[%emt
00:00:07]} 2. Nf3 {[%clk 01:15:25]} {[%emt 00:00:04]} Nc6 {[%clk 01:16:13]}
{[%emt 00:00:11]} 3. Bc4 {[%clk 01:15:48]} {[%emt 00:00:06]} Bc5 {[%clk
01:16:35]} {[%emt 00:00:08]} 4. c3 {[%clk 01:15:54]} {[%emt 00:00:25]} Nf6
{[%clk 01:16:44]} {[%emt 00:00:21]} 5. d3 {[%clk 01:16:13]} {[%emt 00:00:12]}
d5 {[%clk 01:16:37]} {[%emt 00:00:37]} 6. exd5 {[%clk 01:16:21]} {[%emt
00:00:22]} Nxd5 {[%clk 01:16:48]} {[%emt 00:00:17]} 7. Qb3 {[%clk 01:14:29]}
{[%emt 00:02:23]} Be6 {[%clk 01:16:11]} {[%emt 00:01:08]} 8. Qxb7 {[%clk
01:12:24]} {[%emt 00:02:34]} Nce7 {[%clk 01:15:59]} {[%emt 00:00:39]} 9. Qb5+
{[%clk 01:11:52]} {[%emt 00:01:05]} c6 {[%clk 01:14:19]} {[%emt 00:02:10]} 10.
Qxc5 {[%clk 01:11:00]} {[%emt 00:01:22]} O-O {[%clk 01:14:01]} {[%emt
00:00:48]} 11. Nxe5 {[%clk 01:08:41]} {[%emt 00:02:50]} Rc8 {[%clk 01:12:47]}
{[%emt 00:01:27]} 12. Qxa7 {[%clk 01:05:52]} {[%emt 00:03:35]} f6 {[%clk
01:12:09]} {[%emt 00:01:06]} 13. Nf3 {[%clk 01:04:11]} {[%emt 00:02:13]} Rc7
{[%clk 01:11:44]} {[%emt 00:00:51]} 14. Qa4 {[%clk 01:01:44]} {[%emt 00:02:59]}
Nf5 {[%clk 01:10:24]} {[%emt 00:01:52]} 15. Bxd5 {[%clk 01:00:41]} {[%emt
00:01:33]} Bxd5 {[%clk 01:10:14]} {[%emt 00:00:41]} 16. b4 {[%clk 00:55:32]}
{[%emt 00:05:38]} Re8+ {[%clk 01:10:15]} {[%emt 00:00:29]} 17. Kd2 {[%clk
00:55:04]} {[%emt 00:00:58]} Be4 {[%clk 01:09:56]} {[%emt 00:00:38]} 18. d4
{[%clk 00:54:05]} {[%emt 00:01:41]} c5 {[%clk 01:09:11]} {[%emt 00:01:13]} 19.
Na3 {[%clk 00:47:52]} {[%emt 00:06:44]} Bxf3 {[%clk 01:09:16]} {[%emt
00:00:24]} 20. gxf3 {[%clk 00:47:25]} {[%emt 00:00:57]} cxd4 {[%clk 01:09:14]}
{[%emt 00:00:33]} 21. c4 {[%clk 00:47:31]} {[%emt 00:00:24]} Qe7 {[%clk
01:08:40]} {[%emt 00:01:02]} 22. Qd1 {[%clk 00:38:08]} {[%emt 00:09:55]} Qxb4+
{[%clk 01:08:02]} {[%emt 00:01:08]} 23. Kc2 {[%clk 00:34:54]} {[%emt 00:03:45]}
Qc3+ {[%clk 01:07:41]} {[%emt 00:00:14]} 24. Kb1 {[%clk 00:34:18]} {[%emt
00:01:18]} Rb7+ {[%clk 01:08:31]} {[%emt 00:00:07]} 25. Nb5 {[%clk 00:34:26]}
{[%emt 00:00:24]} Qxc4 {[%clk 01:07:49]} {[%emt 00:01:13]} 26. Qf1 {[%clk
00:34:26]} {[%emt 00:00:29]} Rxb5+ {[%clk 01:07:42]} {[%emt 00:00:37]} 27. Bb2
{[%clk 00:34:47]} {[%emt 00:00:09]} Re2 {[%clk 01:07:51]} {[%emt 00:00:17]} 28.
Qc1 {[%clk 00:34:38]} {[%emt 00:00:42]} Qc3 {[%clk 01:07:40]} {[%emt 00:00:37]}
29. Qxc3 {[%clk 00:34:41]} {[%emt 00:00:31]} dxc3 {[%clk 01:07:55]} {[%emt
00:00:16]} 30. a3 {[%clk 00:35:02]} {[%emt 00:00:09]} Rbxb2+ {[%clk 01:07:44]}
{[%emt 00:00:40]} 31. Kc1 {[%clk 00:35:21]} {[%emt 00:00:12]} Rxf2 {[%clk
01:07:31]} {[%emt 00:00:43]} 32. a4 {[%clk 00:35:47]} {[%emt 00:00:05]} Ne3
{[%clk 01:07:39]} {[%emt 00:00:16]} 0-1

[Event "DEM U10w 2024"]
[Site "Willingen GER"]
[Date "2024.05.20"]
[Round "3"]
[White "He, Siqi"]
[Black "Ruddat, Maila"]
[Result "0-1"]
[Termination "normal"]
[Board "18"]
[WhiteElo "907"]
[BlackElo "1522"]
[WhiteClock "01:03:46"]
[BlackClock "01:06:04"]
[PlyCount "84"]
[WhiteFideId "34682708"]
[BlackFideId "34628100"]
[EventCountry "GER"]
[EventRounds "11"]
[EventType "swiss"]
[EventDate "2024.05.18"]

1. e4 {[%emt 00:00:05]} e5 {[%clk 01:15:37]} {[%emt 00:00:20]} 2. Nf3 {[%clk
01:16:16]} {[%emt 00:00:13]} Nc6 {[%clk 01:15:57]} {[%emt 00:00:10]} 3. Bc4
{[%emt 00:00:11]} Nf6 {[%clk 01:16:13]} {[%emt 00:00:13]} 4. d3 {[%clk
01:16:12]} {[%emt 00:00:54]} Bc5 {[%clk 01:15:54]} {[%emt 00:00:48]} 5. c3
{[%clk 01:16:26]} {[%emt 00:00:16]} d6 {[%clk 01:15:09]} {[%emt 00:01:15]} 6.
h3 {[%clk 01:16:37]} {[%emt 00:00:13]} h6 {[%clk 01:15:28]} {[%emt 00:00:16]}
7. O-O {[%clk 01:16:54]} {[%emt 00:00:15]} O-O {[%clk 01:14:41]} {[%emt
00:01:14]} 8. Nbd2 {[%clk 01:17:09]} {[%emt 00:00:17]} a5 {[%clk 01:14:10]}
{[%emt 00:01:01]} 9. Re1 {[%clk 01:17:09]} {[%emt 00:00:31]} a4 {[%clk
01:14:15]} {[%emt 00:00:25]} 10. Nf1 {[%clk 01:17:09]} {[%emt 00:00:30]} Ra5
{[%clk 01:13:48]} {[%emt 00:00:55]} 11. d4 {[%clk 01:16:36]} {[%emt 00:01:05]}
Ba7 {[%clk 01:09:37]} {[%emt 00:04:29]} 12. Qd2 {[%clk 01:16:27]} {[%emt
00:00:50]} b5 {[%clk 01:08:56]} {[%emt 00:01:11]} 13. b4 {[%clk 01:16:39]}
{[%emt 00:00:17]} axb3 {[%clk 01:09:09]} {[%emt 00:00:18]} 14. Bb2 {[%emt
00:00:54]} bxc4 {[%emt 00:01:06]} 15. axb3 {[%emt 00:00:11]} Rxa1 {[%emt
00:00:38]} 16. Rxa1 {[%clk 01:14:08]} {[%emt 00:00:12]} Bb6 {[%clk 01:09:18]}
{[%emt 00:00:19]} 17. bxc4 {[%emt 00:01:07]} Bb7 {[%emt 00:01:00]} 18. c5
{[%clk 01:11:42]} {[%emt 00:00:51]} dxc5 {[%clk 01:09:24]} {[%emt 00:00:23]}
19. dxc5 {[%clk 01:11:52]} {[%emt 00:00:17]} Qxd2 {[%emt 00:00:32]} 20. N1xd2
{[%clk 01:11:10]} {[%emt 00:01:10]} Bxc5 {[%clk 01:09:27]} {[%emt 00:00:32]}
21. Ba3 {[%clk 01:11:03]} {[%emt 00:00:37]} Bxa3 {[%clk 01:09:02]} {[%emt
00:00:54]} 22. Rxa3 {[%clk 01:10:39]} {[%emt 00:00:54]} Ra8 {[%clk 01:08:40]}
{[%emt 00:00:52]} 23. Rb3 {[%clk 01:10:05]} {[%emt 00:01:02]} Na5 {[%clk
01:08:07]} {[%emt 00:00:59]} 24. Rb1 {[%clk 01:10:09]} {[%emt 00:00:33]} Nxe4
{[%clk 01:08:02]} {[%emt 00:00:35]} 25. Nxe4 {[%clk 01:10:23]} {[%emt
00:00:15]} Bxe4 {[%clk 01:08:23]} {[%emt 00:00:10]} 26. Nxe5 {[%emt 00:00:12]}
Bxb1 {[%emt 00:00:33]} 27. c4 {[%emt 00:00:23]} f6 {[%emt 00:00:14]} 28. Nf3
{[%clk 01:07:31]} {[%emt 00:01:57]} Nxc4 {[%clk 01:06:12]} {[%emt 00:02:43]}
29. g4 {[%emt 00:01:27]} Ra1 {[%emt 00:00:04]} 30. Kg2 {[%emt 00:00:15]} Be4
{[%emt 00:00:20]} 31. Kg3 {[%clk 01:05:30]} {[%emt 00:00:25]} Bxf3 {[%clk
01:06:24]} {[%emt 00:00:18]} 32. Kxf3 {[%clk 01:05:46]} {[%emt 00:00:14]} Rd1
{[%clk 01:06:32]} {[%emt 00:00:22]} 33. h4 {[%emt 00:00:23]} c5 {[%emt
00:00:12]} 34. Ke2 {[%clk 01:05:31]} {[%emt 00:00:10]} Nb2 {[%clk 01:06:14]}
{[%emt 00:00:49]} 35. f4 {[%clk 01:05:44]} {[%emt 00:00:15]} c4 {[%clk
01:06:37]} {[%emt 00:00:09]} 36. g5 {[%clk 01:05:33]} {[%emt 00:00:39]} c3
{[%clk 01:06:46]} {[%emt 00:00:23]} 37. gxh6 {[%emt 00:00:13]} c2 {[%emt
00:00:55]} 38. hxg7 {[%clk 01:04:45]} {[%emt 00:00:09]} Kxg7 {[%clk 01:07:09]}
{[%emt 00:00:07]} 39. f5 {[%emt 00:00:26]} c1=Q {[%emt 00:00:25]} 40. h5 {[%clk
01:03:52]} {[%emt 00:00:30]} Qd2+ {[%clk 01:07:16]} {[%emt 00:00:24]} 41. Kf3
{[%emt 00:00:13]} Rf1+ {[%emt 00:00:07]} 42. Ke4 {[%clk 01:03:46]} {[%emt
00:00:10]} Qd3# {[%clk 01:06:04]} 0-1